<?xml version="1.0" encoding="UTF-8"?>
<record
    xmlns:xsi="http://www.w3.org/2001/XMLSchema-instance"
    xsi:schemaLocation="http://www.loc.gov/MARC21/slim http://www.loc.gov/standards/marcxml/schema/MARC21slim.xsd"
    xmlns="http://www.loc.gov/MARC21/slim">

  <leader>00710nam a2200229Ia 4500</leader>
  <controlfield tag="005">20220210100526.0</controlfield>
  <controlfield tag="008">210716s2008    xx            000 0 und d</controlfield>
  <datafield tag="020" ind1=" " ind2=" ">
    <subfield code="a">9788180522369</subfield>
  </datafield>
  <datafield tag="040" ind1=" " ind2=" ">
    <subfield code="c">AIMIT LIBRARY</subfield>
  </datafield>
  <datafield tag="041" ind1=" " ind2=" ">
    <subfield code="a">eng</subfield>
  </datafield>
  <datafield tag="082" ind1=" " ind2=" ">
    <subfield code="a">651.7</subfield>
    <subfield code="2">2</subfield>
    <subfield code="b">BHAR</subfield>
  </datafield>
  <datafield tag="100" ind1=" " ind2=" ">
    <subfield code="a">Bhatia, R C.</subfield>
    <subfield code="9">18877</subfield>
  </datafield>
  <datafield tag="245" ind1=" " ind2=" ">
    <subfield code="a">Business communication /</subfield>
    <subfield code="c">By R. C. Bhatia.</subfield>
  </datafield>
  <datafield tag="250" ind1=" " ind2=" ">
    <subfield code="a">2nd ed.</subfield>
    <subfield code="b">Ane's Student Edition.</subfield>
  </datafield>
  <datafield tag="260" ind1=" " ind2=" ">
    <subfield code="a">New Delhi :</subfield>
    <subfield code="b">Ane Books India ,</subfield>
    <subfield code="c">2008.</subfield>
  </datafield>
  <datafield tag="300" ind1=" " ind2=" ">
    <subfield code="a">xxvi, 582p</subfield>
    <subfield code="c">24 cm.</subfield>
  </datafield>
  <datafield tag="650" ind1=" " ind2=" ">
    <subfield code="a">Business Communication</subfield>
    <subfield code="9">18878</subfield>
  </datafield>
  <datafield tag="650" ind1=" " ind2=" ">
    <subfield code="a">Business Correspondence</subfield>
    <subfield code="9">18879</subfield>
  </datafield>
  <datafield tag="650" ind1=" " ind2=" ">
    <subfield code="a">Banking  Correspondence</subfield>
    <subfield code="9">18880</subfield>
  </datafield>
  <datafield tag="650" ind1=" " ind2=" ">
    <subfield code="a">Official Correspondence</subfield>
    <subfield code="9">18881</subfield>
  </datafield>
  <datafield tag="942" ind1=" " ind2=" ">
    <subfield code="2">ddc</subfield>
    <subfield code="c">BK</subfield>
    <subfield code="e">2nd</subfield>
    <subfield code="k">651.7 BHAR</subfield>
  </datafield>
  <datafield tag="999" ind1=" " ind2=" ">
    <subfield code="c">204104</subfield>
    <subfield code="d">204104</subfield>
  </datafield>
  <datafield tag="952" ind1=" " ind2=" ">
    <subfield code="0">0</subfield>
    <subfield code="1">0</subfield>
    <subfield code="2">ddc</subfield>
    <subfield code="4">0</subfield>
    <subfield code="7">0</subfield>
    <subfield code="8">MBA</subfield>
    <subfield code="a">AIMIT</subfield>
    <subfield code="b">AIMIT</subfield>
    <subfield code="d">2009-10-20</subfield>
    <subfield code="g">275.00</subfield>
    <subfield code="i">Bill no:9933; Bill dt:2009-10-13</subfield>
    <subfield code="l">5</subfield>
    <subfield code="o">651.7 BHAR</subfield>
    <subfield code="p">MBA06670</subfield>
    <subfield code="r">2026-05-23 00:00:00</subfield>
    <subfield code="s">2023-04-20</subfield>
    <subfield code="v">206.25</subfield>
    <subfield code="w">2021-07-16</subfield>
    <subfield code="y">BK</subfield>
  </datafield>
  <datafield tag="952" ind1=" " ind2=" ">
    <subfield code="0">0</subfield>
    <subfield code="1">0</subfield>
    <subfield code="2">ddc</subfield>
    <subfield code="4">0</subfield>
    <subfield code="7">0</subfield>
    <subfield code="8">MBA</subfield>
    <subfield code="a">AIMIT</subfield>
    <subfield code="b">AIMIT</subfield>
    <subfield code="d">2009-10-20</subfield>
    <subfield code="g">275.00</subfield>
    <subfield code="i">Bill no:9933; Bill dt:2009-10-13</subfield>
    <subfield code="l">0</subfield>
    <subfield code="o">651.7 BHAR</subfield>
    <subfield code="p">MBA06671</subfield>
    <subfield code="r">2026-05-23 00:00:00</subfield>
    <subfield code="v">206.25</subfield>
    <subfield code="w">2021-07-16</subfield>
    <subfield code="y">BK</subfield>
  </datafield>
  <datafield tag="952" ind1=" " ind2=" ">
    <subfield code="0">0</subfield>
    <subfield code="1">0</subfield>
    <subfield code="2">ddc</subfield>
    <subfield code="4">0</subfield>
    <subfield code="7">0</subfield>
    <subfield code="8">MBA</subfield>
    <subfield code="a">AIMIT</subfield>
    <subfield code="b">AIMIT</subfield>
    <subfield code="d">2009-10-20</subfield>
    <subfield code="g">275.00</subfield>
    <subfield code="i">Bill no:9933; Bill dt:2009-10-13</subfield>
    <subfield code="l">0</subfield>
    <subfield code="o">651.7 BHAR</subfield>
    <subfield code="p">MBA06672</subfield>
    <subfield code="r">2026-05-23 00:00:00</subfield>
    <subfield code="v">206.25</subfield>
    <subfield code="w">2021-07-16</subfield>
    <subfield code="y">BK</subfield>
  </datafield>
  <datafield tag="952" ind1=" " ind2=" ">
    <subfield code="0">0</subfield>
    <subfield code="1">0</subfield>
    <subfield code="2">ddc</subfield>
    <subfield code="4">0</subfield>
    <subfield code="7">0</subfield>
    <subfield code="8">MBA</subfield>
    <subfield code="a">AIMIT</subfield>
    <subfield code="b">AIMIT</subfield>
    <subfield code="d">2009-10-20</subfield>
    <subfield code="g">275.00</subfield>
    <subfield code="i">Bill no:9933; Bill dt:2009-10-13</subfield>
    <subfield code="l">0</subfield>
    <subfield code="o">651.7 BHAR</subfield>
    <subfield code="p">MBA06673</subfield>
    <subfield code="r">2026-05-23 00:00:00</subfield>
    <subfield code="v">206.25</subfield>
    <subfield code="w">2021-07-16</subfield>
    <subfield code="y">BK</subfield>
  </datafield>
  <datafield tag="952" ind1=" " ind2=" ">
    <subfield code="0">0</subfield>
    <subfield code="1">0</subfield>
    <subfield code="2">ddc</subfield>
    <subfield code="4">0</subfield>
    <subfield code="7">0</subfield>
    <subfield code="8">MBA</subfield>
    <subfield code="a">AIMIT</subfield>
    <subfield code="b">AIMIT</subfield>
    <subfield code="d">2009-10-20</subfield>
    <subfield code="g">275.00</subfield>
    <subfield code="i">Bill no:9933; Bill dt:2009-10-13</subfield>
    <subfield code="l">0</subfield>
    <subfield code="o">651.7 BHAR</subfield>
    <subfield code="p">MBA06674</subfield>
    <subfield code="r">2026-05-23 00:00:00</subfield>
    <subfield code="v">206.25</subfield>
    <subfield code="w">2021-07-16</subfield>
    <subfield code="y">BK</subfield>
  </datafield>
  <datafield tag="952" ind1=" " ind2=" ">
    <subfield code="0">0</subfield>
    <subfield code="1">0</subfield>
    <subfield code="2">ddc</subfield>
    <subfield code="4">0</subfield>
    <subfield code="7">0</subfield>
    <subfield code="8">MBA</subfield>
    <subfield code="a">AIMIT</subfield>
    <subfield code="b">AIMIT</subfield>
    <subfield code="d">2009-10-20</subfield>
    <subfield code="g">275.00</subfield>
    <subfield code="i">Bill no:9933; Bill dt:2009-10-13</subfield>
    <subfield code="l">0</subfield>
    <subfield code="o">651.7 BHAR</subfield>
    <subfield code="p">MBA06675</subfield>
    <subfield code="r">2026-05-23 00:00:00</subfield>
    <subfield code="v">206.25</subfield>
    <subfield code="w">2021-07-16</subfield>
    <subfield code="y">BK</subfield>
  </datafield>
  <datafield tag="952" ind1=" " ind2=" ">
    <subfield code="0">0</subfield>
    <subfield code="1">0</subfield>
    <subfield code="2">ddc</subfield>
    <subfield code="4">0</subfield>
    <subfield code="7">0</subfield>
    <subfield code="8">MBA</subfield>
    <subfield code="a">AIMIT</subfield>
    <subfield code="b">AIMIT</subfield>
    <subfield code="d">2009-10-20</subfield>
    <subfield code="g">275.00</subfield>
    <subfield code="i">Bill no:9933; Bill dt:2009-10-13</subfield>
    <subfield code="l">0</subfield>
    <subfield code="o">651.7 BHAR</subfield>
    <subfield code="p">MBA06676</subfield>
    <subfield code="r">2026-05-23 00:00:00</subfield>
    <subfield code="v">206.25</subfield>
    <subfield code="w">2021-07-16</subfield>
    <subfield code="y">BK</subfield>
  </datafield>
  <datafield tag="952" ind1=" " ind2=" ">
    <subfield code="0">0</subfield>
    <subfield code="1">0</subfield>
    <subfield code="2">ddc</subfield>
    <subfield code="4">0</subfield>
    <subfield code="7">0</subfield>
    <subfield code="8">MBA</subfield>
    <subfield code="a">AIMIT</subfield>
    <subfield code="b">AIMIT</subfield>
    <subfield code="d">2009-10-20</subfield>
    <subfield code="g">275.00</subfield>
    <subfield code="i">Bill no:9933; Bill dt:2009-10-13</subfield>
    <subfield code="l">0</subfield>
    <subfield code="o">651.7 BHAR</subfield>
    <subfield code="p">MBA06677</subfield>
    <subfield code="r">2026-05-23 00:00:00</subfield>
    <subfield code="v">206.25</subfield>
    <subfield code="w">2021-07-16</subfield>
    <subfield code="y">BK</subfield>
  </datafield>
  <datafield tag="952" ind1=" " ind2=" ">
    <subfield code="0">0</subfield>
    <subfield code="1">0</subfield>
    <subfield code="2">ddc</subfield>
    <subfield code="4">0</subfield>
    <subfield code="7">0</subfield>
    <subfield code="8">MBA</subfield>
    <subfield code="a">AIMIT</subfield>
    <subfield code="b">AIMIT</subfield>
    <subfield code="d">2009-10-20</subfield>
    <subfield code="g">275.00</subfield>
    <subfield code="i">Bill no:9933; Bill dt:2009-10-13</subfield>
    <subfield code="l">1</subfield>
    <subfield code="o">651.7 BHAR</subfield>
    <subfield code="p">MBA06678</subfield>
    <subfield code="r">2026-05-23 00:00:00</subfield>
    <subfield code="s">2023-03-15</subfield>
    <subfield code="v">206.25</subfield>
    <subfield code="w">2021-07-16</subfield>
    <subfield code="y">BK</subfield>
  </datafield>
  <datafield tag="952" ind1=" " ind2=" ">
    <subfield code="0">0</subfield>
    <subfield code="1">0</subfield>
    <subfield code="2">ddc</subfield>
    <subfield code="4">0</subfield>
    <subfield code="7">0</subfield>
    <subfield code="8">MBA</subfield>
    <subfield code="a">AIMIT</subfield>
    <subfield code="b">AIMIT</subfield>
    <subfield code="d">2009-10-20</subfield>
    <subfield code="g">275.00</subfield>
    <subfield code="i">Bill no:9933; Bill dt:2009-10-13</subfield>
    <subfield code="l">0</subfield>
    <subfield code="o">651.7 BHAR</subfield>
    <subfield code="p">MBA06679</subfield>
    <subfield code="r">2026-05-23 00:00:00</subfield>
    <subfield code="v">206.25</subfield>
    <subfield code="w">2021-07-16</subfield>
    <subfield code="y">BK</subfield>
  </datafield>
  <datafield tag="952" ind1=" " ind2=" ">
    <subfield code="0">0</subfield>
    <subfield code="1">0</subfield>
    <subfield code="2">ddc</subfield>
    <subfield code="4">0</subfield>
    <subfield code="7">0</subfield>
    <subfield code="8">MBA</subfield>
    <subfield code="a">AIMIT</subfield>
    <subfield code="b">AIMIT</subfield>
    <subfield code="d">2009-10-20</subfield>
    <subfield code="g">275.00</subfield>
    <subfield code="i">Bill no:9933; Bill dt:2009-10-13</subfield>
    <subfield code="l">6</subfield>
    <subfield code="o">651.7 BHAR</subfield>
    <subfield code="p">MBA06680</subfield>
    <subfield code="r">2026-05-23 00:00:00</subfield>
    <subfield code="s">2023-04-15</subfield>
    <subfield code="v">206.25</subfield>
    <subfield code="w">2021-07-16</subfield>
    <subfield code="y">BK</subfield>
  </datafield>
  <datafield tag="952" ind1=" " ind2=" ">
    <subfield code="0">0</subfield>
    <subfield code="1">0</subfield>
    <subfield code="2">ddc</subfield>
    <subfield code="4">0</subfield>
    <subfield code="7">0</subfield>
    <subfield code="8">MBA</subfield>
    <subfield code="a">AIMIT</subfield>
    <subfield code="b">AIMIT</subfield>
    <subfield code="d">2009-10-20</subfield>
    <subfield code="g">275.00</subfield>
    <subfield code="i">Bill no:9933; Bill dt:2009-10-13</subfield>
    <subfield code="l">0</subfield>
    <subfield code="o">651.7 BHAR</subfield>
    <subfield code="p">MBA06681</subfield>
    <subfield code="r">2026-05-23 00:00:00</subfield>
    <subfield code="v">206.25</subfield>
    <subfield code="w">2021-07-16</subfield>
    <subfield code="y">BK</subfield>
  </datafield>
  <datafield tag="952" ind1=" " ind2=" ">
    <subfield code="0">0</subfield>
    <subfield code="1">0</subfield>
    <subfield code="2">ddc</subfield>
    <subfield code="4">0</subfield>
    <subfield code="7">0</subfield>
    <subfield code="8">MBA</subfield>
    <subfield code="a">AIMIT</subfield>
    <subfield code="b">AIMIT</subfield>
    <subfield code="d">2009-10-20</subfield>
    <subfield code="g">275.00</subfield>
    <subfield code="i">Bill no:9933; Bill dt:2009-10-13</subfield>
    <subfield code="l">1</subfield>
    <subfield code="o">651.7 BHAR</subfield>
    <subfield code="p">MBA06682</subfield>
    <subfield code="r">2026-05-23 00:00:00</subfield>
    <subfield code="s">2022-02-22</subfield>
    <subfield code="v">206.25</subfield>
    <subfield code="w">2021-07-16</subfield>
    <subfield code="y">BK</subfield>
  </datafield>
  <datafield tag="952" ind1=" " ind2=" ">
    <subfield code="0">0</subfield>
    <subfield code="1">0</subfield>
    <subfield code="2">ddc</subfield>
    <subfield code="4">0</subfield>
    <subfield code="7">0</subfield>
    <subfield code="8">MBA</subfield>
    <subfield code="a">AIMIT</subfield>
    <subfield code="b">AIMIT</subfield>
    <subfield code="d">2009-10-20</subfield>
    <subfield code="g">275.00</subfield>
    <subfield code="i">Bill no:9933; Bill dt:2009-10-13</subfield>
    <subfield code="l">0</subfield>
    <subfield code="o">651.7 BHAR</subfield>
    <subfield code="p">MBA06683</subfield>
    <subfield code="r">2026-05-23 00:00:00</subfield>
    <subfield code="v">206.25</subfield>
    <subfield code="w">2021-07-16</subfield>
    <subfield code="y">BK</subfield>
  </datafield>
  <datafield tag="952" ind1=" " ind2=" ">
    <subfield code="0">0</subfield>
    <subfield code="1">0</subfield>
    <subfield code="2">ddc</subfield>
    <subfield code="4">0</subfield>
    <subfield code="7">0</subfield>
    <subfield code="8">MBA</subfield>
    <subfield code="a">AIMIT</subfield>
    <subfield code="b">AIMIT</subfield>
    <subfield code="d">2009-10-20</subfield>
    <subfield code="g">275.00</subfield>
    <subfield code="i">Bill no:9933; Bill dt:2009-10-13</subfield>
    <subfield code="l">0</subfield>
    <subfield code="o">651.7 BHAR</subfield>
    <subfield code="p">MBA06684</subfield>
    <subfield code="r">2026-05-23 00:00:00</subfield>
    <subfield code="v">206.25</subfield>
    <subfield code="w">2021-07-16</subfield>
    <subfield code="y">BK</subfield>
  </datafield>
  <datafield tag="952" ind1=" " ind2=" ">
    <subfield code="0">0</subfield>
    <subfield code="1">0</subfield>
    <subfield code="2">ddc</subfield>
    <subfield code="4">0</subfield>
    <subfield code="7">0</subfield>
    <subfield code="8">MBA</subfield>
    <subfield code="a">AIMIT</subfield>
    <subfield code="b">AIMIT</subfield>
    <subfield code="d">2009-10-20</subfield>
    <subfield code="g">275.00</subfield>
    <subfield code="i">Bill no:9933; Bill dt:2009-10-13</subfield>
    <subfield code="l">3</subfield>
    <subfield code="o">651.7 BHAR</subfield>
    <subfield code="p">MBA06685</subfield>
    <subfield code="r">2026-05-23 00:00:00</subfield>
    <subfield code="s">2022-04-08</subfield>
    <subfield code="v">206.25</subfield>
    <subfield code="w">2021-07-16</subfield>
    <subfield code="y">BK</subfield>
  </datafield>
  <datafield tag="952" ind1=" " ind2=" ">
    <subfield code="0">0</subfield>
    <subfield code="1">0</subfield>
    <subfield code="2">ddc</subfield>
    <subfield code="4">0</subfield>
    <subfield code="7">0</subfield>
    <subfield code="8">MBA</subfield>
    <subfield code="a">AIMIT</subfield>
    <subfield code="b">AIMIT</subfield>
    <subfield code="d">2010-12-15</subfield>
    <subfield code="g">275.00</subfield>
    <subfield code="i">Bill no:ABK507; Bill dt:2010-09-</subfield>
    <subfield code="l">1</subfield>
    <subfield code="o">651.7 BHAR</subfield>
    <subfield code="p">MBA08547</subfield>
    <subfield code="r">2026-05-23 00:00:00</subfield>
    <subfield code="s">2022-01-24</subfield>
    <subfield code="v">206.25</subfield>
    <subfield code="w">2021-07-16</subfield>
    <subfield code="y">BK</subfield>
  </datafield>
</record>
